00522 2200169 4500245003300000020002200033250001200055100001800067650002000085005001900105260003900124041001400163084000800177300003000185500012800215336000900343 aEdensorcAndrea HiratahText a978-979-1227-02-5 aCet. 23 aAndrea Hirata aNovel Indonesia a20231002145013 aYogyakartabPenerbit Bentangc2011 aIndonesia a813 axii, 290 hlm. :c20.5 cm. aKegigihan dua orang anak melayu belitong yang ingin mewujudkan mimpi mimpi mereka sejak kecil meraih puncak sourbone paris. atext